[Event "2015 NA Class B Ch Finals, S50189"]
[Site "CCLA"]
[Date "2015.04.27"]
[Round "?"]
[White "Capuzzi, Gabriele"]
[Black "Jarmuz, Frederick"]
[Result "0-1"]
[WhiteElo "1617"]
[BlackElo "1945"]

1. d4 d5 2. c4 e6 3. Nc3 Be7 4. cxd5 exd5 5. Bf4 c6 6. Qc2 Nf6 7. e3 O-O 
8. Bd3 h6 9. Nge2 Nh5 10. Bg3 Nd7 11. Nf4 Nxg3 12. hxg3 Nf6 13. O-O-O Re8 
14. Rde1 Bd7 15. Kb1 Bd6 16. Qd1 b5 17. e4 Bxf4 18. gxf4 b4 19. Na4 dxe4 
20. Bc2 Be6 21. Nc5 Qd6 22. g3 Bg4 23. Qd2 Bf3 24. Rh4 Rad8 25. Qxb4 Ng4 
26. Nxe4 Qxb4 0-1

[Event "Summer Series, S50331"]
[Site "CCLA"]
[Date "2015.07.25"]
[Round "?"]
[White "McLaughlin, Ed"]
[Black "Nurmi, Ronald"]
[Result "1-0"]
[WhiteElo "1507"]
[BlackElo "1469"]

1. d4 d5 2. c4 c6 3. e3 Nf6 4. Nc3 e6 5. f4 c5 6. Nf3 Nc6 7. Bd3 cxd4 8. 
exd4 Nb4 9. Be2 Be7 10. O-O O-O 11. c5 a6 12. Ne5 Qc7 13. Bd2 Nc6 14. Be3 
b5 15. a3 Rd8 16. Bd3 Bb7 17. g4 g6 18. h4 Nxe5 19. fxe5 Ne8 20. h5 Ng7 
21. h6 Ne8 22. g5 Bc6 23. Qf3 Bf8 24. Kg2 Rd7 25. Nd1 Ra7 26. Nf2 Be7 27. 
Nh3 Bd8 28. Rh1 Qb7 29. Raf1 Ra8 30. Nf4 Bxg5 31. Nxg6 Bxe3 32. Qxe3 f5 
33. Qg5 Rf7 34. Nf4+ Kh8 35. Nxe6 1-0

[Event "2015 NA Server Ch (CCLA Rules), S50169"]
[Site "CCLA"]
[Date "2015.04.27"]
[Round "?"]
[White "Quirk, Michael"]
[Black "Gredescul, Andrea"]
[Result "1/2-1/2"]
[WhiteElo "2130"]
[BlackElo "2166"]

1. d4 d5 2. c4 c6 3. Nf3 e6 4. Nc3 dxc4 5. a4 Bb4 6. e3 b5 7. Bd2 a5 8. 
axb5 Bxc3 9. Bxc3 cxb5 10. b3 Bb7 11. bxc4 b4 12. Bb2 Nf6 13. c5 O-O 14. 
Bb5 Bc6 15. Ba4 Bxa4 16. Qxa4 Qd5 17. O-O Nc6 18. Rfd1 Rfc8 19. Ne5 Ne8 
20. Nxc6 Qxc6 21. Qxc6 Rxc6 22. Ra4 f5 23. Rda1 Rca6 24. Kf1 Kf7 25. Ke2 
Nc7 26. Kd3 Nd5 27. f3 g5 28. g3 Kg6 29. e4 Nf6 30. h3 h5 31. Re1 g4 32. 
exf5+ Kxf5 33. fxg4+ hxg4 34. h4 Nd5 35. Re5+ Kf6 36. Rg5 R6a7 37. Rxg4 
Rf7 38. Bc1 Ke7 39. Ra1 a4 40. h5 Rf3+ 41. Ke4 Rf7 42. Rg6 Nf6+ 43. Kd3 
Nxh5 44. Kc4 b3 45. Ba3 Rf2 46. Re1 Rc2+ 47. Kd3 Ra2 48. Rgxe6+ Kf7 49. 
Bb4 Rg2 50. Rb6 a3 51. d5 b2 52. Bc3 Rxg3+ 53. Kc2 1/2-1/2

[Event "2015 Server Team Ch - Div 2"]
[Site "CCLA"]
[Date "2015.10.30"]
[Round "?"]
[White "Abbey, William"]
[Black "Carter, Maurice H."]
[Result "1-0"]
[WhiteElo "1923"]
[BlackElo "1968"]
[Board "5"]
[WhiteTeam "Queen & Knights"]
[BlackTeam "Chairmen of the Board"]

1. c4 Nf6 2. Nc3 c5 3. Nf3 Nc6 4. e3 e6 5. d4 d5 6. cxd5 exd5 7. Bb5 cxd4 
8. Nxd4 Bd7 9. Nde2 a6 10. Ba4 Be6 11. Nf4 Bd6 12. Nxe6 fxe6 13. e4 O-O 
14. exd5 exd5 15. O-O Kh8 16. Bg5 Be5 17. Kh1 d4 18. Ne4 Rc8 19. Bb3 d3 
20. Nc5 Qd6 21. Nxd3 Bxh2 22. Re1 Bg3 23. Re3 Nd4 24. fxg3 Nf5 25. Bf4 
Nxe3 26. Bxd6 Nxd1 27. Bxf8 Nxb2 28. Bxg7+ Kxg7 29. Nxb2 Ne4 30. Kh2 Nd2 
31. Rd1 Nxb3 32. axb3 b5 33. Rd5 Rc3 34. b4 Rb3 35. Nd3 Kf6 36. Kh3 Ke6 
37. Rd4 Ra3 38. Nc5+ Ke5 39. Rd7 a5 40. bxa5 Rxa5 41. Rxh7 Kd5 42. Rh5+ 
Kc4 43. Ne6 1-0

[Event "Pemier Quad, S50139"]
[Site "CCLA"]
[Date "2015.04.03"]
[Round "?"]
[White "Fisher Jr., Arthur"]
[Black "Vecchio, Ralph"]
[Result "1/2-1/2"]
[WhiteElo "1698"]
[BlackElo "1849"]

1. d4 d5 2. c4 e6 3. Nc3 Nf6 4. Nf3 c5 5. e3 Nc6 6. cxd5 exd5 7. Be2 Be7 
8. dxc5 Bxc5 9. O-O O-O 10. Bd2 d4 11. exd4 Nxd4 12. Nxd4 Bxd4 13. Bf3 Qb6
14. Qc2 Re8 15. Rae1 Bd7 16. Rxe8+ Rxe8 17. Bc1 Rc8 18. Qd2 Bf5 19. Re1 
Rd8 20. Nd5 Nxd5 21. Bxd5 h6 22. Bb3 Kf8 23. Qe2 Qc5 24. Be3 Bxe3 25. Qxe3
Qxe3 26. fxe3 Be4 27. Rd1 Rxd1+ 28. Bxd1 b6 29. Bf3 Bxf3 30. gxf3 Ke7 31. 
Kf2 Ke6 32. e4 Kd6 33. Ke3 Ke5 34. f4+ Ke6 35. Kd4 g6 36. h4 g5 37. fxg5 
hxg5 38. hxg5 a6 39. b3 Kd6 40. a3 Ke6 41. b4 a5 42. bxa5 bxa5 43. a4 Kd6 
1/2-1/2

[Event "2015 Server Team Ch - Div 1, S51999"]
[Site "CCLA"]
[Date "2015.10.30"]
[Round "?"]
[White "Hollands, George"]
[Black "Thompson, Brian"]
[Result "1-0"]
[WhiteElo "2178"]
[BlackElo "2343"]
[Board "6"]
[WhiteTeam "SchemingMind A"]
[BlackTeam "BCCA Kings"]

1. d4 d5 2. c4 e6 3. Nf3 c5 4. cxd5 exd5 5. g3 Nc6 6. Bg2 Nf6 7. O-O Be7 
8. Nc3 O-O 9. dxc5 Bxc5 10. Na4 Be7 11. Be3 Bg4 12. Rc1 Re8 13. Nc5 Qb6 
14. Nb3 Qa6 15. a3 Rac8 16. h3 Bf5 17. Re1 h6 18. Nfd4 Nxd4 19. Rxc8 Nf3+ 
20. exf3 Rxc8 21. Bxh6 Bf8 22. Nd4 Bh7 23. Be3 b6 24. Bf1 Qb7 25. Qa4 Rc5 
26. b4 Rc3 27. Bd2 Rc7 28. Ba6 Qa8 29. Bf4 Rc3 30. Kg2 Bg6 31. Be5 Qd8 32.
 Nc6 Qd7 33. Bxc3 1-0

[Event "2015 Server Team Ch - Div 1, S51999"]
[Site "CCLA"]
[Date "2015.10.30"]
[Round "?"]
[White "Merrell, William S."]
[Black "Smyth, Sandy"]
[Result "1/2-1/2"]
[WhiteElo "2258"]
[BlackElo "1945"]
[Board "5"]
[WhiteTeam "Paul Morphy's Hair"]
[BlackTeam "BCCA Rooks"]

1. d4 d5 2. c4 e6 3. Nc3 c5 4. cxd5 exd5 5. Nf3 Nc6 6. g3 Nf6 7. Bg2 Be7 
8. O-O O-O 9. dxc5 Bxc5 10. Bg5 d4 11. Bxf6 Qxf6 12. Nd5 Qd8 13. Nd2 Re8 
14. Rc1 Bf8 15. Nb3 Be6 16. Nf4 Qb6 17. Nxe6 Rxe6 18. Rc2 Rae8 19. Nc1 d3 
20. Nxd3 Nd4 21. Nf4 Nxc2 22. Nxe6 Qxe6 23. Qxc2 Qxe2 1/2-1/2

[Event "2015 NA Class A Ch Finals, S50179"]
[Site "CCLA"]
[Date "2015.04.27"]
[Round "?"]
[White "Clancey, James"]
[Black "Stroup, Jim"]
[Result "0-1"]
[WhiteElo "2019"]
[BlackElo "2058"]

1. d4 d5 2. c4 e6 3. Nc3 Nf6 4. Nf3 c5 5. cxd5 exd5 6. g3 Nc6 7. Bg2 Be7 
8. O-O O-O 9. Bg5 c4 10. Ne5 Be6 11. f4 h6 12. Bxf6 Bxf6 13. f5 Bxe5 14. 
dxe5 Qb6+ 15. e3 Qxb2 16. Rc1 Qb6 17. Qd2 Bd7 18. Nxd5 Qc5 19. e6 fxe6 20.
 fxe6 Bxe6 21. Nc7 Rfe8 22. Qb2 Nb4 23. Nxa8 Rxa8 24. Rb1 a5 25. Qd4 Qxd4 
26. exd4 Rd8 27. a3 Nc2 28. d5 Bc8 29. Rfc1 Bf5 30. Rxb7 Bd3 31. Rb6 Kf7 
32. d6 Ke6 33. Bh3+ Kd5 34. d7 Nd4 35. Kf2 Kc5 36. Ra6 Kb5 37. Rf6 gxf6 
0-1

[Event "2015 Server Team Ch - Div 1, S51999"]
[Site "CCLA"]
[Date "2015.10.30"]
[Round "?"]
[White "Duchardt, Alexandre"]
[Black "Smyth, Sandy"]
[Result "1/2-1/2"]
[WhiteElo "2290"]
[BlackElo "1945"]
[Board "5"]
[WhiteTeam "SchemingMind A"]
[BlackTeam "BCCA Rooks"]

1. d4 d5 2. c4 e6 3. Nc3 c5 4. cxd5 exd5 5. Nf3 Nc6 6. g3 Nf6 7. Bg2 Be7 
8. O-O O-O 9. Bg5 c4 10. Ne5 Be6 11. Nxc6 bxc6 12. b3 h6 13. Bxf6 Bxf6 14.
 bxc4 dxc4 15. e3 Qa5 16. Rc1 Rac8 17. Qa4 Qxa4 18. Nxa4 Be7 19. Nb2 Ba3 
20. Rc2 Bxb2 21. Rxb2 Rc7 22. Rc1 g6 23. Kf1 Rd8 24. Ke2 Bd5 25. Bxd5 cxd5
26. Rb5 Rc6 27. a4 Rd7 28. a5 Kg7 29. h3 h5 30. Rcb1 Kf8 31. Rb8+ Ke7 32. 
Kd2 Rf6 33. Ke1 Ra6 34. R1b5 Rc6 35. Kd2 Rf6 36. Ke2 Rc6 37. R8b7 Rd6 38. 
Kd2 Rxb7 39. Rxb7+ Rd7 40. Rb8 Ke6 41. Kc3 Rd6 42. g4 hxg4 43. hxg4 f5 44.
 gxf5+ gxf5 45. Rh8 Rd7 46. Rh6+ Kf7 47. Ra6 Ke8 48. Kc2 Ke7 49. Kd2 Ke8 
50. Kc3 Kf7 51. f3 Rb7 52. f4 Re7 53. Kd2 Rd7 54. Rc6 Ke7 55. Rh6 Kf7 56. 
a6 Ke8 57. Kc3 Kf7 1/2-1/2

[Event "2015  Server Team - Div 3, S53999"]
[Site "CCLA"]
[Date "2015.10.30"]
[Round "?"]
[White "Shannon, Paul D."]
[Black "Woodhouse, Stephen"]
[Result "1/2-1/2"]
[WhiteElo "1865"]
[BlackElo "1683"]
[Board "4"]
[WhiteTeam "Canadian Snowbirds"]
[BlackTeam "BCCA Bishops"]

1. d4 e6 2. c4 d5 3. g3 c5 4. Nf3 Nc6 5. cxd5 exd5 6. Bg2 Nf6 7. O-O Be7 
8. Nc3 O-O 9. Bg5 c4 10. Ne5 Be6 11. Nxc6 bxc6 12. b3 h6 13. Bxf6 Bxf6 14.
 bxc4 dxc4 15. e3 Qa5 16. Ne4 Be7 17. Qe2 Rab8 18. Rfc1 c5 19. dxc5 Bxc5 
20. Nxc5 Qxc5 21. Rc3 Rb4 22. Rac1 Rfb8 23. h3 Rb2 24. R1c2 Qb4 25. Rxb2 
Qxb2 26. Qc2 Qa1+ 27. Kh2 Rb2 28. Qc1 Qxc1 29. Rxc1 Rxf2 30. Kg1 Rxa2 31. 
Bf1 Ra5 32. Kf2 Kf8 33. e4 Rc5 34. Rc3 Ke7 35. Ke3 Kd6 36. Kd4 f6 37. Ra3 
Rc7 38. Ra6+ Ke7 39. Kc3 Rb7 40. Kd4 Rc7 41. Kc3 Bc8 42. Ra5 Be6 43. Ra6 
1/2-1/2

[Event "2015 Server Team Ch - Div 2"]
[Site "CCLA"]
[Date "2015.10.30"]
[Round "?"]
[White "Disque, Philip"]
[Black "Abbey, William"]
[Result "0-1"]
[WhiteElo "1668"]
[BlackElo "1923"]
[Board "5"]
[WhiteTeam "Big Red Fuzzy"]
[BlackTeam "Queen & Knights"]

1. Nf3 c5 2. c4 Nf6 3. Nc3 Nc6 4. g3 d5 5. d4 e6 6. cxd5 exd5 7. Bg2 Be7 
8. O-O c4 9. Bg5 O-O 10. Ne5 Be6 11. Nxc6 bxc6 12. b3 Qa5 13. Na4 Rab8 14.
 bxc4 dxc4 15. Bxc6 Qxg5 16. e4 Rfd8 17. Nc3 Qa5 18. Ne2 Rb6 19. d5 Rxc6 
20. dxc6 Rxd1 21. Rfxd1 Bg4 22. Rab1 Bxe2 23. Rb8+ Bf8 24. Rdb1 c3 25. e5 
c2 26. Rc1 Qd2 0-1

[Event "PREMIER QUAD, S50209"]
[Site "CCLA"]
[Date "2015.05.01"]
[Round "?"]
[White "Hayward, Clark W."]
[Black "Silverman, Robert"]
[Result "1/2-1/2"]
[WhiteElo "1909"]
[BlackElo "1888"]

1. d4 Nf6 2. c4 d5 3. Nc3 e6 4. g3 c6 5. Bg2 dxc4 6. Nf3 b5 7. Ne5 Qb6 8. 
O-O Bb7 9. b3 Bb4 10. Bb2 Nd5 11. Rc1 f6 12. Nf3 Qa5 13. Ne4 c3 14. Ba1 
O-O 15. Qc2 Nd7 16. Nxc3 Rac8 17. e4 Nc7 18. Rfd1 c5 19. Bh3 cxd4 20. Nxd4
Nc5 21. Qe2 a6 22. Bg2 Rfd8 23. e5 Bxg2 24. Kxg2 Ne8 25. Ne4 Nxe4 26. Rxc8
Rxc8 27. Qxe4 Qb6 28. h4 Be7 29. Nf3 fxe5 30. Bxe5 Nf6 31. Qf4 Nh5 32. Qd2
Rd8 33. Bd4 Bc5 34. Qc3 Qd6 35. Bf6 1/2-1/2

[Event "Winter Series, S50061"]
[Site "CCLA"]
[Date "2015.01.28"]
[Round "?"]
[White "Ritzmann, Andrew M."]
[Black "Gunning, Edward E."]
[Result "0-1"]
[WhiteElo "1333"]
[BlackElo "1439"]

1. d4 d5 2. c4 Nf6 3. Nc3 e6 4. cxd5 Nxd5 5. e4 Nf6 6. Bd3 Bb4 7. Bd2 Nc6 
8. Nf3 O-O 9. O-O Nxd4 10. Ne1 e5 11. Bc4 Bg4 12. f3 Bh5 13. Bg5 c6 14. 
Nd3 Qd6 15. Nxb4 Qxb4 16. a3 Qxc4 17. Be3 Nb3 18. Qd6 Rfe8 19. Rad1 h6 20.
 Qc7 b6 21. h3 c5 22. Nd5 Nxd5 23. Rxd5 Qe2 24. Bf2 Nd2 25. Re1 Nxf3+ 26. 
Kh1 Qxf2 27. Red1 Ne1 28. R5d2 Be2 0-1

[Event "2015 NA Class C Ch - Rd 1 Sect 2, S50101"]
[Site "CCLA"]
[Date "2015.04.27"]
[Round "?"]
[White "Perry, William E."]
[Black "Hodgkins, Neil C."]
[Result "1-0"]
[WhiteElo "1442"]
[BlackElo "1442"]

1. d4 d5 2. c4 e6 3. Nc3 Nf6 4. cxd5 Nxd5 5. e4 Nf6 6. Nf3 Bd7 7. Bd3 c5 
8. O-O Nc6 9. dxc5 Bxc5 10. Bg5 O-O 11. e5 Be7 12. exf6 Bxf6 13. Bxf6 Qxf6
14. Bxh7+ Kxh7 15. Qxd7 Rab8 16. Qd3+ g6 17. Rfd1 Rbd8 18. Qe4 Kg7 19. 
Rxd8 Rxd8 20. Qh4 Qxh4 21. Nxh4 Rd2 22. b3 g5 23. Nf3 Rd3 24. Ne4 Kg6 25. 
Nexg5 e5 26. Ne4 b6 27. h4 f6 28. Ng3 f5 29. Rc1 Rd6 30. Rxc6 1-0

[Event "2015 REGULAR QUAD, S50109"]
[Site "CCLA"]
[Date "2015.03.13"]
[Round "?"]
[White "Calugaru, Paul C."]
[Black "Strelecky, Rich"]
[Result "0-1"]
[WhiteElo "1711"]
[BlackElo "1670"]

1. c4 Nf6 2. Nc3 e6 3. Nf3 d5 4. cxd5 exd5 5. d4 Nbd7 6. Bg5 Bb4 7. Qb3 
Bxc3+ 8. bxc3 O-O 9. e3 c6 10. Bd3 h6 11. Bh4 Re8 12. O-O Nb6 13. a4 a5 
14. Rab1 Re6 15. Qxb6 Qf8 16. Bf5 Ra6 17. Qc7 Re8 18. Bxc8 Rxc8 19. Qxb7 
Raa8 20. Bxf6 gxf6 21. Qd7 Ra6 22. Rb7 Rd8 23. Qg4+ Qg7 24. Qxg7+ Kxg7 25.
 Rfb1 Raa8 26. Nh4 Kg8 0-1

[Event "2015 NA Class C Ch - Rd 1 Sect 2, S50101"]
[Site "CCLA"]
[Date "2015.04.27"]
[Round "?"]
[White "Perry, William E."]
[Black "Lines, Daniel"]
[Result "1/2-1/2"]
[WhiteElo "1442"]
[BlackElo "1419"]

1. d4 d5 2. c4 e6 3. Nc3 Nf6 4. Bg5 Be7 5. cxd5 exd5 6. e3 h6 7. Bxf6 Bxf6
8. Bd3 O-O 9. Nf3 Nc6 10. a3 Bg4 11. Qb3 Bxf3 12. gxf3 Ne7 13. Rc1 b6 14. 
Ke2 c5 15. dxc5 bxc5 16. Bb1 Qd6 17. Qc2 Qa6+ 18. Kd2 Rfb8 19. Ke1 Kf8 20.
 Ba2 Rb7 21. Rb1 c4 22. Kd2 Bxc3+ 23. Qxc3 Rab8 24. e4 Qd6 25. exd5 Qxd5+ 
26. Kc2 Rc7 27. Rhg1 g6 28. Rgd1 Qf5+ 29. Kc1 Kg8 30. Rd4 Rbc8 31. Rxc4 
Rxc4 32. Bxc4 Qf4+ 33. Kd1 Rxc4 34. Qe3 Qxe3 35. fxe3 Nd5 36. Kd2 a5 37. 
Kd3 Rc6 38. b4 axb4 39. axb4 Rb6 40. b5 Rf6 41. Kd4 Nc7 42. f4 Rb6 43. Kc5
1/2-1/2

[Event "2015 Server Team Champ - Div 4, S54999"]
[Site "CCLA"]
[Date "2015.10.28"]
[Round "?"]
[White "Smith, Jason A."]
[Black "Lines, Daniel"]
[Result "1-0"]
[WhiteElo "1738"]
[BlackElo "1415"]
[Board "1"]
[WhiteTeam "Pennsylvania Pawn Pushers"]
[BlackTeam "Pennsylvania Duck Patrol"]

1. d4 d5 2. c4 e6 3. cxd5 exd5 4. Nc3 Nf6 5. Bg5 Be7 6. e3 O-O 7. Bd3 h6 
8. Bh4 Ng4 9. Bxe7 Qxe7 10. Nxd5 Qd6 11. Nc3 Nf6 12. Nf3 Nc6 13. O-O Be6 
14. Ne4 Nxe4 15. Bxe4 Bd5 16. Bxd5 Qxd5 17. a3 Rfe8 18. Rc1 Rad8 19. Rc5 
Qd7 20. Qb3 b6 21. Rc3 Na5 22. Qc2 Rc8 23. Rc1 Re7 24. Ne5 Qd6 25. b4 Nb7 
26. Nc6 Ree8 27. Nxa7 Ra8 28. Nb5 Qf6 29. Rxc7 Nd6 30. Rc6 Red8 31. Rxb6 
Nxb5 32. Rxf6 gxf6 33. Qf5 1-0

[Event "2015 Server Team Ch - Div 2"]
[Site "CCLA"]
[Date "2015.10.30"]
[Round "?"]
[White "Ellis, James R."]
[Black "Sereni, Vincent T."]
[Result "1/2-1/2"]
[WhiteElo "2085"]
[BlackElo "1970"]
[Board "2"]
[WhiteTeam "Chairmen of the Board"]
[BlackTeam "Queen & Knights"]

1. d4 d5 2. c4 e6 3. Nc3 Nf6 4. cxd5 exd5 5. Bg5 Be7 6. e3 O-O 7. Bd3 h6 
8. Bh4 c5 9. dxc5 Nbd7 10. Nge2 Nxc5 11. Bc2 Nce4 12. O-O Be6 13. f3 Nxc3 
14. Nxc3 Qb6 15. Qd3 Rfd8 16. Ne2 Rac8 17. Nd4 Bd7 18. Bb3 a5 19. a4 g6 
20. Rfc1 Bc5 21. Rc3 Re8 22. Bf2 Kg7 23. Qd1 Bxd4 24. exd4 Rxc3 25. bxc3 
Bf5 26. c4 dxc4 27. Bxc4 Rc8 28. Bb5 Qd8 29. Rc1 Rxc1 30. Qxc1 Bd7 31. Qc5
Bxb5 32. Qxb5 Qd5 33. Qb6 Qa2 34. Qxa5 Qa1+ 35. Qe1 Qxa4 36. h3 Qd7 37. 
Qe5 Qd5 38. Bg3 Qxe5 39. Bxe5 g5 40. Kf2 Kg6 41. Ke3 Kf5 42. Kd3 b5 43. 
g4+ Ke6 44. Bg3 Nd5 45. Be1 f5 46. h4 gxh4 47. Bxh4 Nf6 48. Kc3 fxg4 49. 
Bxf6 Kxf6 50. fxg4 1/2-1/2

[Event "2015  Server Team - Div 3, S53999"]
[Site "CCLA"]
[Date "2015.10.30"]
[Round "?"]
[White "Capuzzi, Gabriele"]
[Black "Vecchio, Ralph"]
[Result "0-1"]
[WhiteElo "1615"]
[BlackElo "1845"]
[Board "2"]
[WhiteTeam "Knights of the Square Table"]
[BlackTeam "Idaho Mountaineers"]

1. d4 d5 2. c4 e6 3. Nc3 Nf6 4. cxd5 exd5 5. Bg5 Be7 6. e3 c6 7. Bd3 b5 8.
 Nge2 h6 9. Bf4 Bg4 10. Qc2 Nbd7 11. f3 g5 12. Bg3 b4 13. Nd1 Bh5 14. Qxc6
Rc8 15. Qa4 a5 16. a3 bxa3 17. bxa3 O-O 18. O-O Nb6 19. Qxa5 Bg6 20. Qd2 
Nc4 21. Bxc4 Rxc4 22. Ndc3 Qa8 23. Rfc1 Rfc8 24. Ra2 Ne8 25. Be1 Nd6 26. 
Kf2 f5 27. f4 Rxc3 28. Nxc3 gxf4 29. Qd1 fxe3+ 30. Kg1 Bg5 31. Ne2 Re8 32.
 Bb4 Ne4 33. Be1 f4 34. a4 Bh5 35. a5 Qa6 36. Rcc2 f3 37. gxf3 Nf2 38. 
Bxf2 exf2+ 39. Kxf2 Be3+ 40. Kg2 Bxf3+ 41. Kxf3 Qf6+ 42. Kg2 Qf2+ 43. Kh3 
Qf3+ 0-1

[Event "2015 Server Team Ch - Div 1, S51999"]
[Site "CCLA"]
[Date "2015.10.30"]
[Round "?"]
[White "Blake, Michael J."]
[Black "Silverman, Robert"]
[Result "1-0"]
[WhiteElo "2190"]
[BlackElo "1897"]
[Board "6"]
[WhiteTeam "Gustafson Winners"]
[BlackTeam "Pennsylvania Keystones"]

1. d4 Nf6 2. c4 e6 3. Nc3 d5 4. cxd5 exd5 5. Bg5 c6 6. e3 Be7 7. Bd3 O-O 
8. Qc2 a6 9. Bxf6 Bxf6 10. Bxh7+ Kh8 11. Bf5 Bxf5 12. Qxf5 Kg8 13. Nf3 g6 
14. Qc2 c5 15. dxc5 Qa5 16. Rd1 Qxc5 17. O-O Bxc3 18. Qxc3 Qd6 19. e4 Qc6 
20. Qxc6 bxc6 21. exd5 cxd5 22. Rxd5 Nc6 23. Rd2 Rfe8 24. Rc1 Ne5 25. Nxe5
Rxe5 26. g3 Rae8 27. Kg2 Kg7 28. Rc7 R8e7 29. Rxe7 Rxe7 30. a4 Rb7 31. Rd6
Ra7 32. a5 Kf8 33. h4 Ke7 34. Rb6 f6 35. Kf3 Kf7 36. Kf4 Ke7 37. f3 Kf7 
38. g4 Kg7 39. g5 fxg5+ 40. Kxg5 Rd7 41. Rxg6+ Kf7 42. Rxa6 Rd5+ 43. Kg4 
Rb5 44. h5 Rxb2 45. Rb6 Rg2+ 46. Kf5 Kg7 47. Rg6+ Rxg6 48. hxg6 Kf8 49. a6
1-0

[Event "2015 Server Team Ch - Div 2"]
[Site "CCLA"]
[Date "2015.10.30"]
[Round "?"]
[White "Clancey, James"]
[Black "Marconi, Ralph P."]
[Result "1-0"]
[WhiteElo "1858"]
[BlackElo "1964"]
[Board "4"]
[WhiteTeam "Queen & Knights"]
[BlackTeam "Chairmen of the Board"]

1. d4 Nf6 2. c4 e6 3. Nc3 d5 4. cxd5 exd5 5. Bg5 Be7 6. e3 O-O 7. Bd3 Nbd7
8. Nge2 Re8 9. O-O c6 10. Qc2 Nf8 11. f3 Ng6 12. Rad1 Nh5 13. Bxe7 Qxe7 
14. e4 Qg5 15. Qd2 Qxd2 16. Rxd2 Nhf4 17. Nxf4 Nxf4 18. exd5 cxd5 19. Bc2 
Bd7 20. g3 Nh3+ 21. Kh1 Rad8 22. Bb3 Bc6 23. f4 g5 24. Bd1 gxf4 25. gxf4 
Bd7 26. Rd3 b5 27. Rg3+ Kf8 28. f5 b4 29. Rxh3 bxc3 30. Rxh7 Ke7 31. bxc3 
Bb5 32. Rf2 Kf6 33. Kg2 Re1 34. Bf3 Re3 35. Kg3 Rxc3 36. Kf4 Rd3 37. Rh6+ 
Ke7 38. Re2+ Kd7 39. Rb2 Bc6 40. Rb3 Rxd4+ 41. Ke5 Ra4 42. Rd6+ Kc7 43. 
Rxd8 Kxd8 44. Kd6 Bd7 45. Rb8+ Bc8 46. Bxd5 Ra6+ 47. Bc6 Rxa2 48. h4 a5 
49. h5 1-0

[Event "2015 REGULAR QUAD, S50109"]
[Site "CCLA"]
[Date "2015.03.13"]
[Round "?"]
[White "Strelecky, Rich"]
[Black "Luna, Joseph"]
[Result "1-0"]
[WhiteElo "1670"]
[BlackElo "1510"]

1. d4 Nf6 2. c4 e6 3. Nc3 d5 4. Nf3 h6 5. c5 Be7 6. h3 O-O 7. Bf4 b6 8. 
Nb5 Na6 9. c6 Bb4+ 10. Bd2 Bxd2+ 11. Qxd2 Ne4 12. Qf4 Qe7 13. a3 Nb8 14. 
Nxc7 Nxc6 15. Nxa8 Bb7 16. Nc7 g5 17. Qh2 Rc8 18. Nb5 1-0

[Event "Pemier Quad, S50139"]
[Site "CCLA"]
[Date "2015.04.03"]
[Round "?"]
[White "Fisher Jr., Arthur"]
[Black "Stroup, Jim"]
[Result "0-1"]
[WhiteElo "1698"]
[BlackElo "2058"]

1. d4 Nf6 2. c4 e6 3. Nf3 d5 4. e3 Be7 5. Nc3 O-O 6. cxd5 exd5 7. Bd3 c5 
8. dxc5 Bxc5 9. O-O Nc6 10. Bd2 Bg4 11. Be2 Re8 12. Nd4 Bxd4 13. Bxg4 Bb6 
14. Bf3 d4 15. exd4 Nxd4 16. Bxb7 Rb8 17. Ba6 Qd6 18. Bc4 Bc7 19. g3 Qc6 
20. Be2 Rxe2 21. Qxe2 Nxe2+ 22. Nxe2 Rxb2 23. Rfd1 Ne4 24. Nd4 Qf6 25. Be3
Nxf2 26. Rf1 Nh3+ 27. Kh1 Qe5 28. Rae1 Rxh2+ 29. Kxh2 Qxg3+ 0-1

[Event "Premier Quad, S50229"]
[Site "CCLA"]
[Date "2015.05.15"]
[Round "?"]
[White "Sereni, Vincent T."]
[Black "Jarmuz, Frederick"]
[Result "1/2-1/2"]
[WhiteElo "2117"]
[BlackElo "1945"]

1. d4 d5 2. c4 e6 3. Nf3 Nf6 4. Nc3 Be7 5. e3 O-O 6. Be2 dxc4 7. O-O a6 8.
 Qc2 b5 9. a4 b4 10. Ne4 Bb7 11. Nxf6+ Bxf6 12. Rd1 Nd7 13. Bxc4 c5 14. d5
Bxd5 15. Bxd5 exd5 16. Rxd5 Qe7 17. e4 Rfe8 18. a5 Rac8 19. Be3 Ne5 20. 
Nxe5 Bxe5 21. Rad1 c4 22. Qd2 Qb7 23. Rb1 Bf6 24. Bd4 Rxe4 25. Bxf6 gxf6 
26. h3 Qe7 27. Rc1 Re2 28. Qf4 Qe4 29. Qxe4 Rxe4 30. Kf1 c3 31. bxc3 bxc3 
32. Rd3 c2 33. Rd2 Rec4 34. Rd5 Kg7 35. Ke2 R4c6 36. g3 Kg6 37. Kd2 f5 38.
 f4 Kf6 39. Rd4 h5 40. h4 Kg7 41. Rd5 Kf6 42. Rd7 Ke6 43. Rd3 f6 44. Re1+ 
Kf7 45. Kc1 Rb8 46. Rd7+ Kg6 47. Kd2 Rb3 48. Rd8 Rf3 49. Rc1 Rf2+ 50. Ke3 
Rg2 51. Kf3 Rh2 52. Ke3 Kf7 53. Rd5 Ke6 54. Rd4 Rc3+ 55. Rd3 Rxd3+ 56. 
Kxd3 Kd5 57. Re1 Kc5 58. Kc3 Re2 59. Rf1 Rg2 60. Kb2 c1=Q+ 61. Kxc1 Rxg3 
62. Kc2 Kc4 63. Rd1 Rc3+ 64. Kb2 Rb3+ 1/2-1/2

[Event "Winter Series, S50011"]
[Site "CCLA"]
[Date "2015.01.28"]
[Round "?"]
[White "Jones, Jan"]
[Black "Sereni, Vincent T."]
[Result "1-0"]
[WhiteElo "2228"]
[BlackElo "2117"]

1. d4 d5 2. Nf3 Nf6 3. c4 e6 4. Nc3 Be7 5. Bf4 c5 6. dxc5 Na6 7. e3 Nxc5 
8. cxd5 Nxd5 9. Nxd5 exd5 10. Bb5+ Bd7 11. Bxd7+ Qxd7 12. O-O O-O 13. Be5 
Rac8 14. Rc1 Ne4 15. Qd3 f6 16. Bf4 Nc5 17. Qe2 Ne6 18. Bg3 Bc5 19. h3 d4 
20. Rfd1 Rfe8 21. Qd3 Bb6 22. Rc3 Qd5 23. exd4 g6 24. Qc2 Rc6 25. Rxc6 
bxc6 26. b4 Rd8 27. Rc1 Nxd4 28. Nxd4 Bxd4 29. a4 Rc8 30. Qe2 Qd7 31. Kh1 
Kh8 32. Rd1 Rd8 33. a5 Qf7 34. Qg4 h5 35. Qe4 Bb6 36. Rxd8+ Bxd8 37. Qxc6 
Qe7 38. f3 Kg7 39. Bf2 Qxb4 40. Qd7+ Qe7 41. Qxe7+ Bxe7 42. a6 Bd6 43. 
Bxa7 Kf7 44. Be3 Bb8 45. a7 Bxa7 46. Bxa7 Ke6 47. h4 Kd6 48. g4 1-0

[Event "Premier Quad, S50229"]
[Site "CCLA"]
[Date "2015.05.15"]
[Round "?"]
[White "Jarmuz, Frederick"]
[Black "Sereni, Vincent T."]
[Result "1-0"]
[WhiteElo "1945"]
[BlackElo "2117"]

1. d4 d5 2. Nf3 Nf6 3. c4 e6 4. Nc3 Be7 5. Bf4 O-O 6. e3 Nc6 7. Bd3 Nh5 8.
 Bg3 Nb4 9. Be2 dxc4 10. Bxc4 c6 11. Ne5 Nxg3 12. hxg3 Nd5 13. Kf1 f6 14. 
Nd3 h6 15. Ne2 a5 16. a4 Qb6 17. e4 Nc7 18. Ndf4 Bd7 19. Rc1 Rfd8 20. Qc2 
Qb4 21. e5 fxe5 22. Rxh6 exf4 23. Qh7+ Kf8 24. Nxf4 Bc8 25. Ng6+ Ke8 26. 
Ne5 Rd7 27. Qg6+ Kd8 28. Nf7+ Ke8 29. Rh8+ Bf8 30. Nd6+ Kd8 31. Qg5+ Re7 
32. Rxf8+ Kd7 33. Nf7 Nd5 34. Ne5+ Kc7 35. Bxd5 exd5 36. Rc5 1-0

[Event "Winter Series, S50011"]
[Site "CCLA"]
[Date "2015.01.28"]
[Round "?"]
[White "Deskin, Gary"]
[Black "Sereni, Vincent T."]
[Result "1-0"]
[WhiteElo "2172"]
[BlackElo "2117"]

1. d4 d5 2. c4 e6 3. Nc3 Nf6 4. Nf3 Be7 5. Bf4 O-O 6. e3 Nbd7 7. Bd3 c5 8.
 cxd5 Nxd5 9. Nxd5 exd5 10. O-O c4 11. Bc2 Nf6 12. h3 Qb6 13. Qe2 Be6 14. 
Ne5 Rac8 15. Bg5 Qc7 16. Rac1 b5 17. f4 h6 18. Bh4 Rcd8 19. g4 Rde8 20. g5
Nd7 21. f5 Nxe5 22. Bg3 Bd6 23. gxh6 g6 24. fxe6 Rxe6 25. dxe5 Bxe5 26. 
Bf2 d4 27. Qf3 dxe3 28. Bxe3 Bxb2 29. Rce1 Rfe8 30. Kg2 Qd7 31. h4 f5 32. 
Bf2 Rxe1 33. Rxe1 Rxe1 34. Bxe1 Kh7 35. h5 Kxh6 36. Kf1 g5 37. Bxf5 Qd6 
38. Kg2 Bf6 39. Bf2 a6 40. Qa8 Qe5 41. Qf8+ Bg7 42. Qf7 Qf6 43. Qd7 b4 44.
 Bc2 Qe5 45. Qf7 1-0

[Event "2015 Server Team Ch - Div 1, S51999"]
[Site "CCLA"]
[Date "2015.10.30"]
[Round "?"]
[White "Richardt, Mike"]
[Black "Glanville, Colin M."]
[Result "1/2-1/2"]
[WhiteElo "2216"]
[BlackElo "2051"]
[Board "4"]
[WhiteTeam "BCCA Kings"]
[BlackTeam "BCCA Rooks"]

1. d4 Nf6 2. c4 e6 3. Nc3 d5 4. Nf3 Be7 5. Bf4 O-O 6. e3 Nbd7 7. Rc1 c5 8.
 Bd3 cxd4 9. exd4 dxc4 10. Bxc4 Nb6 11. Bb3 Nbd5 12. Be5 b6 13. O-O Bb7 
14. Re1 Rc8 15. Qd3 1/2-1/2